000 01739cam a2200289 i 4500
003 SA-RiAUC
005 20260512141409.0
008 260428s1909 ua g 000r0aara c
040 _aSA-JeALM
_bara
_cSA-RiAUC
_erda
082 0 4 _a216
_qSA-RiAUC
090 _aم ن 216
_bا ب ن ع
100 1 _aابن عيسى، أحمد بن إبراهيم بن حمد،
_d1253-1329 هجري
_eمؤلف.
245 1 0 _aكتاب تنبيه النبيه والغبي /
_cتأليف أحمد بن إبراهيم بن عيسى النجدي. ويليه رسالة في زيارة القبور / للإمام البركوي.
246 _aتنبيه النبيه والغبي
264 1 _aالقاهرة :
_bمطبعة كردستان العلمية،
_bفرج الله زكي الكردي.
_c1909
300 _aمن 233 الى 518 صفحة ؛
_c29 سم.
336 _aنص
_btxt
_2rdacontent
_3كتاب
337 _aبدون وسيط
_bn
_2rdamedia
501 _aمع : الرد الوافر علي من زعم أن من سمي ابن تيمية شيخ الإسلام كافر / لأبي عبد الله شمس الدين محمد بن أبي بكر بن ناصر الدين الشافعي.
650 7 _aالإسلام
_xدفع مطاعن
_2aucsh
700 1 2 _aالبركلي، محمد بن بير علي بن إسكندر،
_d929-981 هجري
_tرسالة في زيارة القبور.
700 1 2 _aابن ناصر الدين، محمد بن عبد الله بن محمد،
_d777-842 هجري
740 2 2 _aالرد الوافر علي من زعم أن من سمي ابن تيمية شيخ الإسلام كافر.
740 0 2 _aرسالة في زيارة القبور.
942 _2ddc
_cRBOOK COPY
_n0
949 _aSA-JeALM
_d260428
_uosman123
_n1
999 _c14940
_d14940